000
00511nam a2200157Ia 4500
008
100204s9999 xx 000 0 und d
082
_b
28571
100
_a
साळुंखे आ. ह.
245
_a
तुझ्यासह आणि तुझ्याविना
250
_a
0
260
_c
2007
300
_a
132
630
_a
तुझ्यासह आणि तुझ्याविना
730
_a
तुझ्यासह आणि तुझ्याविना
942
_c
BOOK
999
_c
473729
_d
473726